Movie Titles by Synonyms #3 - Statistics

General Stats
  • This quiz has been taken 491 times
    460 since last reset
  • The average score is 6 of 15
Answer Stats
Hint Answer % Correct
Adolescent Abnormal Mercenary Reptiles Teenage Mutant Ninja Turtles
87%
Youthful Firearms Young Guns
81%
From France with Affection From Paris with Love
70%
The Amazing Bulk The Incredible Hulk
69%
Collision of Deities Clash of the Titans
57%
Undead Nation Zombieland
48%
The Final Feudal Warrior The Last Samurai
45%
Disgraceful Illegitimate Children Inglorious Basterds
39%
Fatal Gun Lethal Weapon
34%
The Cattlman Method The Cowboy Way
23%
Reprimander The Punisher
20%
One Month Nocturnal 30 Days of Night
19%
Bodily Fluid Competition Bloodsport
11%
Deed of Boldness Act of Valor
10%
Remote Area Holymen Boondock Saints
4%
No matching quizzes found
Score Distribution
Percent of People with Each Score
Percentile by Number Answered
Your Score History
You have not taken this quiz since the last reset